| 000 | 00440cam a2200169ua 4500 | ||
|---|---|---|---|
| 020 | _c12.00 | ||
| 041 |
_amal _h |
||
| 082 |
_a294.59212 _bVAL/RG |
||
| 100 | _aNarayana Menon, Vallathol. | ||
| 245 | 0 | 0 |
_aRgveda-samhita, Vol 2 Mandalam / _cVallathol. _hTextual Documents |
| 260 |
_aCheruthuruthy : _bVallathol Granthalayam , _c1956. |
||
| 300 | _a466 ; . | ||
| 365 | _a12.00 | ||
| 504 | _a | ||
| 942 | _cBK | ||
| 999 |
_c12227 _d12227 |
||